000 00752nam a2200241 a 4500
001 15383
003 CO-ViMGA
008 141112s2004 ck r 000 u spa d
020 _a9586823873
040 _aCO-ViMGA
_bspa
_cCO-ViMGA
082 0 4 _a925.16 V155
100 1 _aValles Santo Tomás, Alejandro
_922367
245 1 0 _aEl geómetra de la razón :
_bRene Descartes
260 _aBogotá,
_cColciencias,
_cAlfaOmega,
_c2002
300 _a102.p.
490 _aViajeros del conocimiento
590 _aForma de adquisición : Donación - - Precio :
_10.000
650 1 4 _aFILOSOFIA FRANCESA
_914821
650 1 4 _aGEOMETRIA ANALITICA
650 1 4 _aMATEMATICOS FRANCESES
_922368
650 1 4 _aRENE DESCARTES, 1596 - 1650
_922369
942 _2ddc
_cBK
999 _c25719
_d25719